Morire A Italbar

Na minha lista:
Detalhes bibliográficos
Autor principal: Roger Zelazy
Formato: Livro
Idioma:idioma desconhecido
Tags: Adicionar Tag
Sem tags, seja o primeiro a adicionar uma tag!

MARC

LEADER 00000nam a2200000Ia 4500
001 R-1773
003 CODICE-MESSINA
005 20260212102516.0
008 260211s9999 xx 000 0 und d
040 |c importazione_messina 
100 |a Roger Zelazy 
245 0 |a Morire A Italbar 
942 |2 ddc  |c BK 
952 |0 0  |1 0  |2 ddc  |4 0  |6 SCAFFALE_18_000000000000000___ROMANZI  |7 0  |9 32614  |a ME  |b ME  |d 2026-02-11  |l 0  |o SCAFFALE 18 - - ROMANZI  |p R-1773  |r 2026-02-11 23:53:18  |w 2026-02-11  |x [REVISIONARE]  |y BK 
999 |c 28281  |d 28281